[Event "Youth District Germany"]
[Site "Wuerzburg"]
[Date "2018.10.06"]
[Round "6.8"]
[White "Pohle, Saskia"]
[Black "Langer, Paul Georg"]
[Result "1-0"]
[WhiteElo "1690"]
[BlackElo "1348"]
[PlyCount "79"]
[EventDate "2018.10.02"]
[EventType "team-swiss"]
[EventRounds "7"]
[EventCountry "GER"]
[SourceTitle "CBM 186 Extra"]
[Source "ChessBase"]
[SourceDate "2018.08.24"]
[SourceVersion "1"]
[SourceVersionDate "2018.08.24"]
[SourceQuality "1"]
[WhiteTeam "Sachsen U20"]
[BlackTeam "Thueringen U20"]
[WhiteTeamCountry "GER"]
[BlackTeamCountry "GER"]

1. e4 c5 2. Nf3 d6 3. d4 cxd4 4. Nxd4 Nf6 5. Nc3 a6 6. g3 e5 7. Nde2 Be7 8. Bg2 Be6 9. 0-0 0-0 10. h3 Nbd7 11. Be3 Qc7 12. a4 Rfc8 13. Qd2 Bc4 14. Rfc1 Qb8 15. g4 Nc5 16. Ng3 Be6 17. Nf5 Bxf5 18. exf5 h6 19. Re1 Re8 20. Nd5 Nxd5 21. Qxd5 Rc8 22. b4 Nd7 23. Qxb7 Qxb7 24. Bxb7 Rab8 25. Bxc8 Rxc8 26. Rec1 d5 27. b5 d4 28. Bd2 axb5 29. axb5 Rb8 30. Ra7 Rd8 31. Ba5 Bc5 32. Rc7 Bb6 33. Bxb6 Nxb6 34. Rc6 Rb8 35. Kg2 Na4 36. Ra1 Nc3 37. b6 Nd5 38. Rb1 Kf8 39. b7 Ke7 40. Rc8 1-0

[Event "GER-ch U12"]
[Site "Willingen"]
[Date "2018.05.25"]
[Round "9"]
[White "Felten, Maximilian"]
[Black "Langer, Paul Georg"]
[Result "0-1"]
[WhiteElo "1705"]
[BlackElo "1496"]
[PlyCount "158"]
[EventDate "2018.05.19"]
[EventType "swiss"]
[EventRounds "11"]
[EventCountry "GER"]
[SourceTitle "CBM 184 Extra"]
[Source "ChessBase"]
[SourceDate "2018.06.28"]
[SourceVersion "1"]
[SourceVersionDate "2018.06.28"]
[SourceQuality "1"]

1. d4 c5 2. d5 e5 3. e4 d6 4. Nc3 g6 5. Nf3 Bg7 6. Bd3 Ne7 7. Nd2 0-0 8. 0-0 h6 9. Nc4 a6 10. a4 f5 11. f3 f4 12. a5 h5 13. Nb6 Ra7 14. Nxc8 Qxc8 15. Na4 Nd7 16. c3 h4 17. b4 g5 18. Ba3 cxb4 19. cxb4 Qb8 20. Qd2 b5 21. axb6 Nxb6 22. Nxb6 Qxb6+ 23. Qf2 Qb7 24. Rfc1 Rd8 25. Rc4 Raa8 26. Rac1 Rac8 27. Qe2 Qb6+ 28. Kf1 a5 29. Rxc8 Rxc8 30. Rxc8+ Nxc8 31. Qc2 Qb8 32. bxa5 Bf8 33. a6 Na7 34. Ke2 Nb5 35. Bxb5 Qxb5+ 36. Qd3 Qb6 37. Bc1 Be7 38. Bd2 Kf7 39. Qc4 Qg1 40. Be1 Qxg2+ 41. Bf2 g4 42. fxg4 f3+ 43. Ke1 Bd8 44. a7 Ba5+ 45. Kd1 Qxf2 46. Qd3 Qxa7 47. Qxf3+ Ke8 48. h3 Qd4+ 49. Kc2 Qd2+ 50. Kb3 Qf4 51. Qd3 Qg3 52. Kc2 Qxd3+ 53. Kxd3 Bd8 54. Kc4 Kd7 55. Kb5 Kc7 56. Ka6 Bg5 57. Ka7 Be3+ 58. Ka6 Kb8 59. Kb5 Kb7 60. Ka5 Kc7 61. Kb5 Kd7 62. Ka6 Ke7 63. Kb7 Kf6 64. Kc7 Bc5 65. Kd7 Kg5 66. Ke7 Kg6 67. Ke6 Bb4 68. Ke7 Kg5 69. Kf7 Kf4 70. Ke6 Bd2 71. Kxd6 Kxe4 72. Ke6 Bg5 73. d6 Kf4 74. Kd5 e4 75. Kd4 Bf6+ 76. Kc4 e3 77. Kd3 Kf3 78. d7 e2 79. Kd2 Kf2 0-1

[Event "GER-ch U25-B"]
[Site "Willingen"]
[Date "2017.06.08"]
[Round "7"]
[White "Langer, Paul Georg"]
[Black "Schoenweiler, Elisabeth"]
[Result "0-1"]
[WhiteElo "1414"]
[BlackElo "1247"]
[PlyCount "82"]
[EventDate "2017.06.04"]
[EventType "swiss"]
[EventRounds "9"]
[EventCountry "GER"]
[SourceTitle "CBM 178 Extra"]
[Source "ChessBase"]
[SourceDate "2017.06.22"]
[SourceVersion "1"]
[SourceVersionDate "2017.06.22"]
[SourceQuality "1"]

1. e4 c5 2. Nc3 e6 3. Nge2 a6 4. g3 Qc7 5. Bg2 Nc6 6. d3 g6 7. Be3 d6 8. 0-0 Bg7 9. Qd2 Nge7 10. h3 0-0 11. Bh6 Bd7 12. g4 b5 13. Bxg7 Kxg7 14. Ng3 Nd4 15. Nce2 Nxe2+ 16. Qxe2 Rab8 17. f4 Rbe8 18. h4 f5 19. h5 Qc8 20. g5 Kh8 21. Bh1 Kg7 22. Rf2 Bc6 23. Raf1 Rf7 24. Rh2 Rh8 25. h6+ Kg8 26. exf5 exf5 27. Bxc6 Nxc6 28. Re1 Kf8 29. Qe6 Qxe6 30. Rxe6 Rd7 31. c3 Kf7 32. Rhe2 Rf8 33. Re1 Re7 34. Rxe7+ Nxe7 35. b3 Nd5 36. Ne2 Re8 37. Kf2 Re6 38. Rb1 Rxe2+ 39. Kxe2 Nxc3+ 40. Kd2 Nxb1+ 41. Kc2 Na3+ 0-1

[Event "GER-ch U25-B"]
[Site "Willingen"]
[Date "2017.06.07"]
[Round "6"]
[White "Hoffmann, Kay"]
[Black "Langer, Paul Georg"]
[Result "1/2-1/2"]
[WhiteElo "1267"]
[BlackElo "1414"]
[PlyCount "45"]
[EventDate "2017.06.04"]
[EventType "swiss"]
[EventRounds "9"]
[EventCountry "GER"]
[SourceTitle "CBM 178 Extra"]
[Source "ChessBase"]
[SourceDate "2017.06.22"]
[SourceVersion "1"]
[SourceVersionDate "2017.06.22"]
[SourceQuality "1"]

1. d4 c5 2. e3 cxd4 3. exd4 d5 4. f4 Nc6 5. c3 g6 6. Nf3 Nh6 7. Bd3 Bf5 8. 0-0 Bg7 9. Ne5 Nxe5 10. fxe5 Bxd3 11. Qxd3 0-0 12. Qh3 Qc8 13. Qxc8 Raxc8 14. Bg5 e6 15. Be7 Rfe8 16. Bg5 Nf5 17. g4 Ne7 18. Nd2 h6 19. Be3 Rf8 20. Rf2 b6 21. Raf1 Rc7 22. h4 a6 23. g5 1/2-1/2

[Event "GER-ch U10"]
[Site "Willingen"]
[Date "2016.05.20"]
[Round "10.23"]
[White "Fuhrmann, Bahne"]
[Black "Langer, Paul Georg"]
[Result "1-0"]
[WhiteElo "1034"]
[BlackElo "1170"]
[PlyCount "79"]
[EventDate "2016.05.15"]
[EventType "swiss"]
[EventRounds "11"]
[EventCountry "GER"]
[SourceTitle "CBM 172 Extra"]
[Source "ChessBase"]
[SourceDate "2016.06.21"]
[SourceVersion "1"]
[SourceVersionDate "2016.06.21"]
[SourceQuality "1"]

1. e4 e5 2. Nf3 Nc6 3. Bc4 Bc5 4. c3 Nf6 5. d3 a6 6. Bb3 d6 7. 0-0 0-0 8. Nbd2 Be6 9. Bc2 h6 10. h3 Qd7 11. Re1 Qe7 12. Nf1 Nh5 13. Nxe5 dxe5 14. Qxh5 Qf6 15. Qe2 Ne7 16. Be3 Bxe3 17. fxe3 Qg6 18. g4 h5 19. Nh2 f5 20. exf5 Bxf5 21. e4 Bd7 22. Qg2 hxg4 23. Nxg4 Bxg4 24. Bb3+ Kh7 25. Qxg4 Qxg4+ 26. hxg4 Rf4 27. Be6 Raf8 28. Kg2 Rf2+ 29. Kg3 Ng6 30. Rh1+ Nh4 31. Rxh4+ Kg6 32. Bf5+ R2xf5 33. gxf5+ Kf6 34. Rg1 Rd8 35. Rd1 c5 36. Rg4 c4 37. Rg6+ Kf7 38. d4 exd4 39. Rxd4 Rxd4 40. cxd4 1-0

[Event "GER-ch U10"]
[Site "Willingen"]
[Date "2016.05.17"]
[Round "5.23"]
[White "Langer, Paul Georg"]
[Black "Lenz, Joshua"]
[Result "1-0"]
[WhiteElo "1170"]
[BlackElo "1086"]
[PlyCount "117"]
[EventDate "2016.05.15"]
[EventType "swiss"]
[EventRounds "11"]
[EventCountry "GER"]
[SourceTitle "CBM 172 Extra"]
[Source "ChessBase"]
[SourceDate "2016.06.21"]
[SourceVersion "1"]
[SourceVersionDate "2016.06.21"]
[SourceQuality "1"]

1. e4 e6 2. d4 d5 3. exd5 exd5 4. Bd3 Bd6 5. Ne2 Ne7 6. c3 Bf5 7. Bxf5 Nxf5 8. Bf4 0-0 9. 0-0 Bxf4 10. Nxf4 Qg5 11. Nh3 Qh6 12. Qf3 Nh4 13. Qxd5 c6 14. Qg5 Nf3+ 15. gxf3 Qxh3 16. Qg3 Qh6 17. Kh1 Nd7 18. Rg1 g6 19. f4 Nf6 20. Nd2 Rae8 21. Rae1 Qh5 22. Qg5 Rxe1 23. Rxe1 Qxg5 24. fxg5 Ng4 25. Kg2 f6 26. h3 Nxf2 27. Kxf2 fxg5+ 28. Kg3 h5 29. Ne4 h4+ 30. Kg4 Rf5 31. Nxg5 Rb5 32. b4 a5 33. a4 Rd5 34. Re8+ Kg7 35. Re5 axb4 36. Rxd5 cxd5 37. cxb4 Kf6 38. Kf4 b6 39. a5 Ke7 40. a6 Kd7 41. a7 Kc6 42. a8Q+ Kd6 43. Qd8+ Kc6 44. Ne6 g5+ 45. Kxg5 Kb5 46. Nc7+ Kxb4 47. Nxd5+ Kc4 48. Nxb6+ Kb5 49. Qd5+ Kxb6 50. Qc5+ Kb7 51. Kf6 Ka6 52. d5 Kb7 53. d6 Ka6 54. d7 Kb7 55. Ke6 Ka6 56. Qb4 Ka7 57. Qb5 Ka8 58. d8N Ka7 59. Qb7# 1-0